| 000 | 01297cam a2200337 a 4500 | ||
|---|---|---|---|
| 999 |
_c529648 _d529648 |
||
| 001 | 4435822 | ||
| 003 | NUST | ||
| 005 | 20191001101405.0 | ||
| 008 | 950405s1994 dcua b 000 0 eng | ||
| 010 | _a 94061903 | ||
| 020 | _a0309056675 | ||
| 038 | _aMSOHAIL | ||
| 040 |
_aDLC _cDLC |
||
| 050 | 0 | 0 |
_aTE228 _b.G73 1994 |
| 082 | 0 | 0 |
_a625.760289 _220 |
| 100 | 1 |
_aGraham, Jerry L. _922062 |
|
| 245 | 1 | 0 |
_aDevelopment and implementation of traffic control plans for highway work zones / _cJerry L. Graham and James Migletz. |
| 260 |
_aWashington, D.C. : _bNational Academy Press, _c1994. |
||
| 300 |
_a37 p. : _bill. ; _c28 cm. |
||
| 440 | 0 |
_aSynthesis of highway practice, _x0547-5570 ; _v208 _922063 |
|
| 500 | _aAt head of title: National Cooperative Highway Research Program. | ||
| 504 | _aIncludes bibliographical references. | ||
| 650 | 0 |
_aRoads _xMaintenance and repair _xSafety measures. _921131 |
|
| 650 | 0 |
_aTraffic engineering. _9394 |
|
| 650 | 0 |
_aTraffic signs and signals. _921132 |
|
| 700 | 1 |
_aMigletz, James. _922064 |
|
| 710 | 2 |
_aNational Cooperative Highway Research Program. _920864 |
|
| 906 |
_a7 _bcbc _corignew _d2 _eopcn _f19 _gy-gencatlg |
||
| 942 |
_2ddc _cBK |
||